Stručná gramatika angličtiny moderní, přehledná, srozumitelná

Guardado en:
Detalles Bibliográficos
Autor principal: Berry, Darcy Bruce
Formato: Libro
Lenguaje:checo
Publicado: Praha Klett nakladatelství 2005
Colección:PONS
Materias:
Etiquetas: Agregar Etiqueta
Sin Etiquetas, Sea el primero en etiquetar este registro!

MARC

LEADER 00000nam a2200000 4500
001 0246675
005 20240315114722.7
020 |a 80-86906-07-8 
041 0 |a cze 
044 |a CZ 
245 1 0 |a Stručná gramatika angličtiny  |b moderní, přehledná, srozumitelná  |c Darcy Bruce Berry 
264 1 |a Praha  |b Klett nakladatelství  |c 2005 
300 |a 112 s. 
490 1 |a PONS 
830 0 |a PONS 
610 2 0 |a jazykoveda 
610 2 0 |a terminológia 
610 2 0 |a jazyky cudzie 
610 2 0 |a angličtina 
610 2 0 |a gramatika 
100 1 |a Berry, Darcy Bruce